Gua̕ sobre el manejo de finiquitos y liquidaciones laborales 2013

Bibliographic Details
Main Author: Bornacini Hervella, Honor ̌A
Format: eBook
Language:Spanish
Published: Mx̌ico DF: Mx̌ico Fiscal, 2013
Subjects:
Online Access:Acceso restringido

MARC

LEADER 00000nam a22000007a 4500
005 20140501215828.0
007 cr|||| |||
008 140501s2013 mx |||||s|||| 00||0 spa d
035 |a 12085 
040 |a vLex 
090 |c 4882  |d 4882 
100 1 |a Bornacini Hervella, Honor ̌A. 
245 1 0 |a Gua̕ sobre el manejo de finiquitos y liquidaciones laborales 2013  |h [Recurso electrn̤ico] /  |c Honor ̌A. Bornacini Hervella 
256 |a Servicio en ln̕ea 
260 |a Mx̌ico DF:  |b Mx̌ico Fiscal,  |c 2013 
300 |a 1 recurso electrn̤ico 
506 1 |a Disponible solo en los productos indicados  |d vLex Global  |d vLex Global (Academic Edition, excluding Law Schools)  |d vLex Global (U.S. Academic Edition, Law Schools)  |d vLex Global (U.S. Academic Edition, excluding Law Schools)  |d vLex Global (Academic Edition, Law Schools) 
650 0 4 |a Derecho Laboral y Seguridad Social  |z Mx̌ico 
740 0 |a vLex Libros (Servicio en ln̕ea) 
856 4 0 |u http://vlex.com/source/guia-sobre-el-manejo-de-finiquitos-y-liquidaciones-laborales-2013-12085  |z Acceso restringido 
942 |c BOOK 
999 0 |a Labor Law and Social Security